| 000 | 01003cam a2200313 4500500 | ||
|---|---|---|---|
| 005 | 20260329005754.0 | ||
| 041 | _afre | ||
| 042 | _adc | ||
| 100 | 1 | 0 |
_aLacroix, Alexandre _eauthor |
| 700 | 1 | 0 |
_aEnjalbert, Cédric _eauthor |
| 700 | 1 | 0 |
_ade Oliveira, Victorine _eauthor |
| 700 | 1 | 0 |
_aLegros, Martin _eauthor |
| 245 | 0 | 0 | _aPeut-on vraiment connaître… ses amants, sa famille, ses amis, ses voisins, ses collègues ? Les philosophes répondent |
| 260 | _c2024. | ||
| 500 | _a67 | ||
| 690 | _aAltérité | ||
| 690 | _aAmitié | ||
| 690 | _aAmour | ||
| 690 | _aEntreprise | ||
| 690 | _aFamille | ||
| 690 | _aFrancis Wolff | ||
| 690 | _aHélène L’Heuillet | ||
| 690 | _aOlivier Sibony | ||
| 690 | _aSophie Galabru | ||
| 690 | _aSouleymane Bachir Diagne | ||
| 690 | _aVoisin | ||
| 786 | 0 | _nPhilosophie magazine | 185 | 12 | 2024-12-01 | p. 34-35 | 1951-1787 | |
| 856 | 4 | 1 | _uhttps://shs.cairn.info/magazine-philosophie-magazine-2024-12-page-34?lang=fr&redirect-ssocas=7080 |
| 999 |
_c1846471 _d1846471 |
||